| 000 | 00363nam a2200121 a 4500 | ||
|---|---|---|---|
| 005 | 20140414132058.0 | ||
| 008 | 110805s19uu xx 00 eng d | ||
| 050 |
_aM 220.9 _bO1 1992 |
||
| 100 | _aO'niel, Amanda | ||
| 245 |
_aBiblical Times : _bA panoramic view of the lands and peoples of the scriptures. |
||
| 260 |
_aEngland : _bCresent, _c1992. |
||
| 999 |
_c114387 _d114387 |
||